[Event "male"]
[Site "?"]
[Date "2016.02.12"]
[Round "1.1"]
[White "Pershin, Denis"]
[Black "Bondarenko, Ivan"]
[Result "1-0"]
[LiveChessVersion "1.4.2"]
[BlackElo "2170"]
[WhiteElo "2375"]

1. e4 {[%clk 1:30:58]} c5 {[%clk 1:30:48]} 2. Nf3 {[%clk 1:31:22]} e6
{[%clk 1:31:02]} 3. d4 {[%clk 1:31:40]} cxd4 {[%clk 1:31:26]} 4. Nxd4
{[%clk 1:32:07]} Nf6 {[%clk 1:31:49]} 5. Nc3 {[%clk 1:32:31]} d6 {[%clk 1:32:15]}
6. Be2 {[%clk 1:31:23]} Be7 {[%clk 1:32:16]} 7. O-O {[%clk 1:31:47]} O-O
{[%clk 1:32:38]} 8. Kh1 {[%clk 1:31:55]} Nc6 {[%clk 1:29:53]} 9. Be3
{[%clk 1:32:17]} Qc7 {[%clk 1:27:33]} 10. f4 {[%clk 1:32:26]} Nxd4
{[%clk 1:26:50]} 11. Qxd4 {[%clk 1:29:48]} b6 {[%clk 1:26:45]} 12. e5
{[%clk 1:08:58]} dxe5 {[%clk 1:25:51]} 13. fxe5 {[%clk 1:09:27]} Bc5
{[%clk 1:25:44]} 14. Qh4 {[%clk 1:07:17]} Nd7 {[%clk 1:04:24]} 15. Bd3
{[%clk 1:07:32]} g6 {[%clk 1:04:42]} 16. Bxc5 {[%clk 1:03:17]} Qxc5
{[%clk 1:04:43]} 17. Rae1 {[%clk 0:59:33]} Bb7 {[%clk 0:58:45]} 18. Qh6
{[%clk 0:54:58]} Nxe5 {[%clk 0:38:21]} 19. Be4 {[%clk 0:53:11]} Nc6
{[%clk 0:37:51]} 20. Bf3 {[%clk 0:52:51]} Qe7 {[%clk 0:30:29]} 21. Nd5
{[%clk 0:46:07]} Qd8 {[%clk 0:30:45]} 22. Nf4 {[%clk 0:46:30]} Na5
{[%clk 0:21:22]} 23. b4 {[%clk 0:45:27]} Nc6 {[%clk 0:21:05]} 24. c3
{[%clk 0:44:32]} Rc8 {[%clk 0:20:04]} 25. Re3 {[%clk 0:43:05]} Qf6
{[%clk 0:14:50]} 26. Nh5 {[%clk 0:43:24]} Qh8 {[%clk 0:15:04]} 27. Bxc6
{[%clk 0:43:44]} Rxc6 {[%clk 0:14:48]} 28. Nf6+ {[%clk 0:44:06]} 1-0

[Event "male"]
[Site "?"]
[Date "2016.02.12"]
[Round "1.2"]
[White "Opanasenko, Mikhail"]
[Black "Palchun, Grigory"]
[Result "1-0"]
[LiveChessVersion "1.4.2"]
[BlackElo "2332"]
[WhiteElo "2163"]

1. d4 {[%clk 1:30:57]} Nf6 {[%clk 1:30:57]} 2. c4 {[%clk 1:31:21]} e6
{[%clk 1:31:24]} 3. Nc3 {[%clk 1:31:46]} Bb4 {[%clk 1:31:51]} 4. Qc2
{[%clk 1:32:10]} O-O {[%clk 1:32:16]} 5. Nf3 {[%clk 1:32:36]} d6 {[%clk 1:30:38]}
6. Bg5 {[%clk 1:30:07]} Nbd7 {[%clk 1:30:07]} 7. a3 {[%clk 1:21:32]} Bxc3+
{[%clk 1:30:33]} 8. Qxc3 {[%clk 1:21:53]} Qe7 {[%clk 1:30:01]} 9. e4
{[%clk 1:06:41]} e5 {[%clk 1:29:29]} 10. dxe5 {[%clk 1:00:25]} dxe5
{[%clk 1:27:21]} 11. Bd3 {[%clk 0:58:52]} a5 {[%clk 1:27:08]} 12. O-O
{[%clk 0:57:24]} a4 {[%clk 1:27:29]} 13. Bc2 {[%clk 0:56:56]} b6 {[%clk 1:26:25]}
14. Rad1 {[%clk 0:54:46]} Re8 {[%clk 1:25:20]} 15. Rfe1 {[%clk 0:48:47]} h6
{[%clk 1:16:40]} 16. Bc1 {[%clk 0:40:32]} Nc5 {[%clk 1:16:01]} 17. Nh4
{[%clk 0:38:19]} Qe6 {[%clk 1:10:08]} 18. Nf5 {[%clk 0:29:48]} Nfxe4
{[%clk 1:06:15]} 19. Rxe4 {[%clk 0:29:22]} Nxe4 {[%clk 0:54:21]} 20. Bxe4
{[%clk 0:29:44]} Rb8 {[%clk 0:54:48]} 21. Bxh6 {[%clk 0:28:18]} g6
{[%clk 0:54:40]} 22. Ng7 {[%clk 0:28:34]} 1-0

[Event "male"]
[Site "?"]
[Date "2016.02.12"]
[Round "1.3"]
[White "Saveliev, Alexei"]
[Black "Lagashin, Pavel"]
[Result "0-1"]
[LiveChessVersion "1.4.2"]
[BlackElo "2149"]
[WhiteElo "2328"]

1. e4 {[%clk 1:30:59]} c5 {[%clk 1:30:54]} 2. Nf3 {[%clk 1:31:26]} e6
{[%clk 1:31:17]} 3. d4 {[%clk 1:31:50]} cxd4 {[%clk 1:31:42]} 4. Nxd4
{[%clk 1:32:18]} Nc6 {[%clk 1:32:04]} 5. Nc3 {[%clk 1:32:40]} Qc7
{[%clk 1:32:30]} 6. Be2 {[%clk 1:33:03]} a6 {[%clk 1:32:56]} 7. O-O
{[%clk 1:33:28]} Nf6 {[%clk 1:33:23]} 8. Be3 {[%clk 1:33:54]} Bb4
{[%clk 1:33:48]} 9. Nxc6 {[%clk 1:34:22]} dxc6 {[%clk 1:32:48]} 10. Na4
{[%clk 1:31:38]} O-O {[%clk 1:27:57]} 11. Bb6 {[%clk 1:16:09]} Qf4
{[%clk 1:26:34]} 12. c3 {[%clk 1:04:22]} Be7 {[%clk 1:26:44]} 13. Bd3
{[%clk 0:43:45]} e5 {[%clk 1:24:20]} 14. Be3 {[%clk 0:41:19]} Qh4
{[%clk 1:24:35]} 15. f3 {[%clk 0:41:39]} Nd7 {[%clk 1:22:12]} 16. Bf2
{[%clk 0:40:44]} Qh6 {[%clk 1:21:23]} 17. c4 {[%clk 0:40:05]} b5 {[%clk 1:20:57]}
18. cxb5 {[%clk 0:40:34]} axb5 {[%clk 1:21:13]} 19. Nc3 {[%clk 0:41:01]} Nc5
{[%clk 1:20:01]} 20. Bc2 {[%clk 0:40:35]} Rd8 {[%clk 1:13:34]} 21. Qe1
{[%clk 0:40:06]} b4 {[%clk 1:01:47]} 22. Be3 {[%clk 0:40:00]} Qe6
{[%clk 1:00:15]} 23. Ne2 {[%clk 0:38:59]} Qc4 {[%clk 0:43:22]} 24. Bb3
{[%clk 0:27:48]} Qb5 {[%clk 0:41:34]} 25. Bc2 {[%clk 0:22:32]} Nd3
{[%clk 0:31:25]} 26. Bxd3 {[%clk 0:19:18]} Rxd3 {[%clk 0:31:48]} 27. Bf2
{[%clk 0:19:04]} Ba6 {[%clk 0:30:54]} 28. Ng3 {[%clk 0:17:00]} g6
{[%clk 0:30:15]} 29. Qc1 {[%clk 0:12:46]} Rad8 {[%clk 0:29:55]} 30. Qh6
{[%clk 0:13:05]} Rd2 {[%clk 0:26:46]} 31. Be3 {[%clk 0:10:11]} Bc5
{[%clk 0:26:29]} 32. Kh1 {[%clk 0:07:02]} Bxe3 {[%clk 0:26:10]} 33. Qxe3
{[%clk 0:07:31]} Qb8 {[%clk 0:18:50]} 34. Rg1 {[%clk 0:06:39]} Qd6
{[%clk 0:15:06]} 35. a3 {[%clk 0:05:03]} Rxb2 {[%clk 0:10:32]} 36. axb4
{[%clk 0:05:30]} Bb5 {[%clk 0:10:45]} 37. Qg5 {[%clk 0:01:47]} f6
{[%clk 0:10:31]} 38. Qh4 {[%clk 0:02:15]} Qe7 {[%clk 0:09:27]} 39. Qg4
{[%clk 0:00:38]} Rxb4 {[%clk 0:07:47]} 40. Rad1 {[%clk 0:30:35]} Rbd4
{[%clk 0:34:49]} 41. Ra1 {[%clk 0:19:56]} Kf7 {[%clk 0:28:55]} 42. Qh4
{[%clk 0:18:44]} h5 {[%clk 0:28:18]} 43. f4 {[%clk 0:18:15]} f5 {[%clk 0:27:25]}
44. Qxe7+ {[%clk 0:05:25]} Kxe7 {[%clk 0:27:44]} 45. exf5 {[%clk 0:05:53]} exf4
{[%clk 0:27:36]} 46. Rge1+ {[%clk 0:06:23]} Kf6 {[%clk 0:24:33]} 47. Ne4+
{[%clk 0:01:54]} Kxf5 {[%clk 0:24:50]} 48. Nc5 {[%clk 0:02:21]} R8d6
{[%clk 0:22:24]} 49. h3 {[%clk 0:02:45]} Rc4 {[%clk 0:22:01]} 50. Nb7
{[%clk 0:02:53]} Rd7 {[%clk 0:19:57]} 51. Na5 {[%clk 0:03:14]} Rc3
{[%clk 0:20:02]} 52. Rac1 {[%clk 0:02:33]} Rxc1 {[%clk 0:18:54]} 53. Rxc1
{[%clk 0:03:02]} Rd6 {[%clk 0:18:53]} 54. Nb7 {[%clk 0:03:29]} Re6
{[%clk 0:16:07]} 55. Nd8 {[%clk 0:03:22]} Rf6 {[%clk 0:16:27]} 56. Kg1
{[%clk 0:03:24]} Ke5 {[%clk 0:15:45]} 57. Kf2 {[%clk 0:03:54]} Kd6
{[%clk 0:15:21]} 58. Nb7+ {[%clk 0:04:22]} Kc7 {[%clk 0:14:40]} 59. Nc5
{[%clk 0:04:49]} g5 {[%clk 0:14:32]} 60. Ne4 {[%clk 0:03:55]} Rf5
{[%clk 0:14:55]} 61. Kf3 {[%clk 0:01:43]} Kb6 {[%clk 0:15:11]} 62. Nd6
{[%clk 0:00:59]} Rd5 {[%clk 0:15:08]} 63. Ne4 {[%clk 0:00:51]} Rd3+
{[%clk 0:14:26]} 64. Kf2 {[%clk 0:01:20]} g4 {[%clk 0:14:38]} 65. hxg4
{[%clk 0:00:59]} hxg4 {[%clk 0:15:03]} 66. Nc5 {[%clk 0:00:44]} Rd2+ 67. Kg1 f3
{[%clk 0:14:18]} 68. gxf3 {[%clk 0:01:40]} gxf3 {[%clk 0:14:42]} 69. Ne4
{[%clk 0:02:10]} Rg2+ {[%clk 0:14:33]} 70. Kh1 {[%clk 0:02:39]} Re2
{[%clk 0:14:30]} 71. Ng3 {[%clk 0:02:48]} f2 {[%clk 0:13:39]} 72. Nxe2
{[%clk 0:03:14]} Bxe2 {[%clk 0:14:02]} 73. Kg2 {[%clk 0:03:43]} f1=Q+
{[%clk 0:14:21]} 74. Rxf1 {[%clk 0:04:11]} Bxf1+ {[%clk 0:14:42]} 75. Kxf1
{[%clk 0:04:40]} Kb5 {[%clk 0:14:57]} 76. Ke2 {[%clk 0:05:09]} Kb4
{[%clk 0:15:12]} 77. Kd2 {[%clk 0:05:39]} Kb3 {[%clk 0:15:23]} 78. Kc1
{[%clk 0:06:07]} c5 {[%clk 0:15:36]} 79. Kb1 {[%clk 0:06:36]} c4 {[%clk 0:15:56]}
80. Kc1 {[%clk 0:07:05]} Kc3 {[%clk 0:16:19]} 81. Kd1 0-1

[Event "male"]
[Site "?"]
[Date "2016.02.12"]
[Round "1.4"]
[White "Ivanov, Sergei V."]
[Black "Sichinava, Zviad"]
[Result "0-1"]
[LiveChessVersion "1.4.2"]
[BlackElo "2313"]
[WhiteElo "2143"]

1. e4 {[%clk 1:30:58]} e6 {[%clk 1:30:32]} 2. d4 {[%clk 1:31:21]} d5
{[%clk 1:30:58]} 3. Nd2 {[%clk 1:31:47]} Be7 {[%clk 1:31:21]} 4. Ngf3
{[%clk 1:31:42]} Nf6 {[%clk 1:31:45]} 5. e5 {[%clk 1:32:06]} Nfd7
{[%clk 1:32:12]} 6. Bd3 {[%clk 1:32:22]} c5 {[%clk 1:32:37]} 7. c3
{[%clk 1:32:47]} Nc6 {[%clk 1:33:04]} 8. O-O {[%clk 1:32:54]} g5 {[%clk 1:31:45]}
9. dxc5 {[%clk 1:31:56]} Nxc5 {[%clk 1:26:53]} 10. Bb5 {[%clk 1:31:06]} a6
{[%clk 1:27:10]} 11. Bxc6+ {[%clk 1:31:12]} bxc6 {[%clk 1:27:38]} 12. Nb3
{[%clk 1:26:02]} Nd7 {[%clk 1:25:32]} 13. Re1 {[%clk 1:24:53]} c5
{[%clk 1:24:43]} 14. h3 {[%clk 1:22:11]} h5 {[%clk 1:25:04]} 15. Nh2
{[%clk 1:22:03]} a5 {[%clk 1:22:53]} 16. c4 {[%clk 1:21:56]} d4 {[%clk 1:18:04]}
17. Bd2 {[%clk 1:19:47]} Qc7 {[%clk 1:14:34]} 18. Qe2 {[%clk 1:19:36]} Rg8
{[%clk 1:11:58]} 19. Nc1 {[%clk 1:15:24]} Nxe5 {[%clk 1:11:08]} 20. Nf3
{[%clk 1:07:23]} Nd7 {[%clk 0:57:01]} 21. Nd3 {[%clk 1:07:07]} Bb7
{[%clk 0:56:04]} 22. Nfe5 {[%clk 1:06:25]} Nxe5 {[%clk 0:53:47]} 23. Nxe5
{[%clk 1:06:52]} Bd6 {[%clk 0:52:33]} 24. Nd3 {[%clk 1:06:58]} Qc6
{[%clk 0:47:34]} 25. Qf1 {[%clk 1:05:57]} Bc7 {[%clk 0:47:40]} 26. Re2
{[%clk 1:03:00]} O-O-O {[%clk 0:46:03]} 27. Ne5 {[%clk 0:59:45]} Qd6
{[%clk 0:35:55]} 28. f4 {[%clk 0:59:00]} d3 {[%clk 0:33:01]} 29. Rf2
{[%clk 0:58:52]} gxf4 {[%clk 0:30:38]} 30. Bc3 {[%clk 0:51:40]} f3
{[%clk 0:30:40]} 31. Rxf3 {[%clk 0:48:24]} f6 {[%clk 0:30:04]} 32. Rxd3
{[%clk 0:47:42]} Bxg2 {[%clk 0:30:04]} 33. Qxg2 {[%clk 0:44:25]} Rxg2+
{[%clk 0:30:29]} 34. Kxg2 {[%clk 0:44:47]} Qa6 {[%clk 0:28:51]} 35. Rxd8+
{[%clk 0:44:58]} Bxd8 {[%clk 0:29:15]} 0-1

[Event "male"]
[Site "?"]
[Date "2016.02.12"]
[Round "1.5"]
[White "Schekachikhin, Maksim"]
[Black "Grinblat, Artemiy"]
[Result "1/2-1/2"]
[LiveChessVersion "1.4.2"]
[BlackElo "2141"]
[WhiteElo "2300"]

1. d4 {[%clk 1:30:31]} e6 {[%clk 1:30:54]} 2. c4 {[%clk 1:30:30]} d5
{[%clk 1:31:19]} 3. Nc3 {[%clk 1:30:47]} c6 {[%clk 1:31:35]} 4. e3
{[%clk 1:30:46]} Nd7 {[%clk 1:31:40]} 5. Qc2 {[%clk 1:28:19]} Bd6
{[%clk 1:27:54]} 6. Nf3 {[%clk 1:25:07]} Nh6 {[%clk 1:25:02]} 7. Bd3
{[%clk 1:19:57]} f5 {[%clk 1:19:37]} 8. cxd5 {[%clk 1:15:08]} exd5
{[%clk 1:19:01]} 9. Bd2 {[%clk 1:06:41]} O-O {[%clk 1:14:14]} 10. h3
{[%clk 1:01:11]} Nf6 {[%clk 1:11:29]} 11. O-O-O {[%clk 0:53:32]} Ne4
{[%clk 1:10:01]} 12. Be1 {[%clk 0:53:18]} Nf7 {[%clk 1:01:33]} 13. g4
{[%clk 0:44:44]} fxg4 {[%clk 0:54:30]} 14. hxg4 {[%clk 0:41:28]} Bxg4
{[%clk 0:52:51]} 15. Nxe4 {[%clk 0:31:56]} dxe4 {[%clk 0:52:49]} 16. Bxe4
{[%clk 0:32:11]} h6 {[%clk 0:42:55]} 17. Bc3 {[%clk 0:25:15]} Qf6
{[%clk 0:38:58]} 18. Bh7+ {[%clk 0:15:15]} Kh8 {[%clk 0:38:24]} 19. Nh4
{[%clk 0:15:39]} Bxd1 {[%clk 0:37:09]} 20. Kxd1 {[%clk 0:15:57]} Ng5
{[%clk 0:34:38]} 21. Bd3 {[%clk 0:15:17]} Qe6 {[%clk 0:26:36]} 22. Ng6+
{[%clk 0:13:07]} Kg8 {[%clk 0:26:59]} 23. Nxf8 {[%clk 0:13:34]} Rxf8
{[%clk 0:26:53]} 24. Qe2 {[%clk 0:10:32]} b5 {[%clk 0:23:58]} 25. f4
{[%clk 0:08:56]} Ne4 {[%clk 0:17:22]} 26. Rg1 {[%clk 0:09:14]} Re8
{[%clk 0:12:13]} 27. Qg2 {[%clk 0:05:37]} Nxc3+ {[%clk 0:09:23]} 28. bxc3
{[%clk 0:06:06]} Bf8 {[%clk 0:09:52]} 29. e4 {[%clk 0:05:43]} Rb8
{[%clk 0:02:42]} 30. e5 {[%clk 0:05:05]} b4 {[%clk 0:02:24]} 31. c4
{[%clk 0:02:56]} b3 {[%clk 0:02:45]} 32. axb3 {[%clk 0:03:18]} Rxb3
{[%clk 0:03:14]} 33. Qe4 {[%clk 0:03:38]} Qh3 {[%clk 0:02:31]} 34. Qh7+
{[%clk 0:01:41]} Kf7 {[%clk 0:03:00]} 35. Qg6+ {[%clk 0:02:10]} Kg8
{[%clk 0:03:01]} 36. Qh7+ {[%clk 0:01:37]} Kf7 {[%clk 0:03:30]} 37. Qf5+
{[%clk 0:00:54]} Qxf5 38. Bxf5 {[%clk 0:01:23]} Rf3 {[%clk 0:02:05]} 39. Bg6+
{[%clk 0:01:11]} Ke7 {[%clk 0:01:43]} 40. Rg4 {[%clk 0:31:27]} Rc3
{[%clk 0:30:41]} 41. c5 {[%clk 0:29:01]} Rc4 {[%clk 0:25:02]} 42. f5
{[%clk 0:27:05]} a5 {[%clk 0:22:36]} 43. Kd2 {[%clk 0:25:13]} a4 {[%clk 0:22:49]}
44. Kd3 {[%clk 0:23:53]} Rc1 {[%clk 0:23:18]} 45. Rg2 {[%clk 0:19:09]} a3
{[%clk 0:16:51]} 46. Ra2 {[%clk 0:17:28]} Rh1 {[%clk 0:16:49]} 47. Kc4
{[%clk 0:16:38]} Rh3 {[%clk 0:16:58]} 48. Kb4 {[%clk 0:15:15]} Kd7
{[%clk 0:03:56]} 49. Rxa3 {[%clk 0:14:22]} Rxa3 {[%clk 0:04:24]} 50. Kxa3
{[%clk 0:14:43]} Be7 {[%clk 0:04:49]} 51. Kb4 {[%clk 0:15:08]} Bh4
{[%clk 0:04:55]} 52. Kc4 {[%clk 0:15:27]} Bg5 {[%clk 0:03:23]} 53. Bh5
{[%clk 0:15:50]} Bh4 {[%clk 0:03:37]} 54. Kd3 {[%clk 0:15:45]} Be7
{[%clk 0:03:54]} 55. Bf3 {[%clk 0:15:50]} Bg5 {[%clk 0:03:54]} 56. Ke4
{[%clk 0:15:35]} Be7 {[%clk 0:04:02]} 57. Bg4 {[%clk 0:16:01]} Kc7
{[%clk 0:04:09]} 58. Bh5 {[%clk 0:15:36]} Bh4 {[%clk 0:04:14]} 59. Be8
{[%clk 0:16:00]} Be7 {[%clk 0:02:33]} 60. Kd3 {[%clk 0:16:23]} Bh4
{[%clk 0:01:30]} 61. Kc4 {[%clk 0:16:52]} Bg3 {[%clk 0:01:43]} 62. Kc3
{[%clk 0:16:06]} Bf4 {[%clk 0:01:32]} 63. Kd3 {[%clk 0:14:52]} Bg5
{[%clk 0:01:40]} 64. Ke4 {[%clk 0:14:41]} Be7 {[%clk 0:02:07]} 65. Ke3
{[%clk 0:10:27]} Bg5+ {[%clk 0:02:28]} 66. Kf3 {[%clk 0:10:56]} Bh4
{[%clk 0:02:30]} 67. Ke4 {[%clk 0:10:10]} Be7 {[%clk 0:02:45]} 68. d5
{[%clk 0:09:59]} Bxc5 {[%clk 0:02:43]} 69. Bxc6 {[%clk 0:06:17]} h5
{[%clk 0:02:57]} 70. Bb5 {[%clk 0:06:43]} h4 {[%clk 0:02:53]} 71. Bf1
{[%clk 0:07:10]} Ba3 {[%clk 0:01:13]} 72. Bh3 {[%clk 0:05:13]} Bb2
{[%clk 0:01:07]} 73. Bf1 {[%clk 0:04:07]} Bc3 {[%clk 0:00:53]} 74. Bg2
{[%clk 0:01:53]} Bb2 {[%clk 0:01:09]} 75. Bh3 {[%clk 0:01:09]} Bc1
{[%clk 0:00:47]} 76. Bf1 {[%clk 0:01:11]} Ba3 {[%clk 0:01:09]} 77. d6+
{[%clk 0:00:54]} Kc6 {[%clk 0:01:31]} 78. Bg2 {[%clk 0:00:58]} Bb2
{[%clk 0:01:45]} 79. Bh3 {[%clk 0:01:03]} Bc1 {[%clk 0:00:41]} 80. Bg4
{[%clk 0:00:50]} Ba3 {[%clk 0:00:51]} 81. Bf3 {[%clk 0:00:59]} Bb2
{[%clk 0:01:08]} 82. Kf4+ {[%clk 0:00:41]} Kd7 {[%clk 0:01:26]} 83. Bg4
{[%clk 0:00:35]} Kc6 {[%clk 0:01:39]} 84. Bf3+ {[%clk 0:00:52]} Kd7
{[%clk 0:02:05]} 85. Bd1 {[%clk 0:01:02]} h3 {[%clk 0:00:39]} 86. Ba4+
{[%clk 0:01:18]} Kc8 {[%clk 0:00:37]} 87. Bc6 {[%clk 0:00:53]} h2
{[%clk 0:00:32]} 88. Ba8 {[%clk 0:00:32]} Kd7 {[%clk 0:00:39]} 89. Bd5
{[%clk 0:00:56]} Bc3 {[%clk 0:00:50]} 90. Bf3 {[%clk 0:01:12]} Bb2
{[%clk 0:00:47]} 91. Bg2 {[%clk 0:01:21]} Ba1 {[%clk 0:00:36]} 92. Ke4
{[%clk 0:01:18]} Kc6 {[%clk 0:01:02]} 93. Bf3 {[%clk 0:01:48]} Bb2
{[%clk 0:01:20]} 94. Bg2 {[%clk 0:02:16]} Ba1 {[%clk 0:01:46]} 95. f6
{[%clk 0:00:45]} gxf6 {[%clk 0:02:01]} 96. Kf5+ {[%clk 0:01:14]} Kd7
{[%clk 0:01:48]} 97. Kxf6 {[%clk 0:01:42]} Bc3 {[%clk 0:01:16]} 98. Bh3+
{[%clk 0:01:22]} Kd8 {[%clk 0:01:32]} 99. Bg2 {[%clk 0:01:43]} Kd7
{[%clk 0:01:55]} 100. Be4 {[%clk 0:02:11]} Bd4 {[%clk 0:00:50]} 101. Bd5
{[%clk 0:02:04]} Bc3 {[%clk 0:00:39]} 102. Bb7 {[%clk 0:02:02]} Bd4
{[%clk 0:00:33]} 103. Kf5 {[%clk 0:02:03]} Bc5 {[%clk 0:00:43]} 104. Bg2
{[%clk 0:01:54]} Bxd6 {[%clk 0:01:00]} 105. exd6 {[%clk 0:02:22]} Kxd6
{[%clk 0:01:24]} 106. Ke4 Ke5+ 1/2-1/2

[Event "male"]
[Site "?"]
[Date "2016.02.12"]
[Round "1.6"]
[White "Kopylov, Yuriy"]
[Black "Khakimov, Timur"]
[Result "0-1"]
[LiveChessVersion "1.4.2"]
[BlackElo "2294"]
[WhiteElo "2128"]

1. e4 {[%clk 1:30:49]} e5 {[%clk 1:29:28]} 2. Nf3 {[%clk 1:31:04]} Nc6
{[%clk 1:29:29]} 3. Bc4 {[%clk 1:30:54]} Be7 {[%clk 1:29:36]} 4. d4
{[%clk 1:30:23]} exd4 {[%clk 1:27:28]} 5. Nxd4 {[%clk 1:29:22]} d6
{[%clk 1:25:41]} 6. O-O {[%clk 1:24:25]} Nf6 {[%clk 1:25:47]} 7. Nc3
{[%clk 1:24:21]} O-O {[%clk 1:24:47]} 8. Nxc6 {[%clk 1:21:18]} bxc6
{[%clk 1:25:07]} 9. Bf4 {[%clk 1:20:43]} Be6 {[%clk 1:20:39]} 10. Qe2
{[%clk 0:41:13]} Nd7 {[%clk 1:00:46]} 11. Bg3 {[%clk 0:36:11]} Rb8
{[%clk 0:57:04]} 12. Bb3 {[%clk 0:31:35]} Bf6 {[%clk 0:55:05]} 13. Rad1
{[%clk 0:30:42]} Re8 {[%clk 0:53:55]} 14. f3 {[%clk 0:25:49]} c5 {[%clk 0:45:56]}
15. Rb1 {[%clk 0:16:40]} Bd4+ {[%clk 0:34:32]} 16. Bf2 {[%clk 0:16:05]} Ne5
{[%clk 0:30:08]} 17. Bxe6 {[%clk 0:14:04]} fxe6 {[%clk 0:29:27]} 18. Nd1
{[%clk 0:12:19]} Qd7 {[%clk 0:24:02]} 19. c3 {[%clk 0:07:16]} Bxf2+
{[%clk 0:23:57]} 20. Nxf2 {[%clk 0:06:42]} Qa4 {[%clk 0:22:38]} 21. b3
{[%clk 0:06:40]} Qa5 {[%clk 0:22:34]} 22. c4 {[%clk 0:06:05]} Nc6
{[%clk 0:22:30]} 23. Rbd1 {[%clk 0:05:05]} Rf8 {[%clk 0:21:46]} 24. Ng4
{[%clk 0:03:03]} Nd4 {[%clk 0:21:11]} 25. Qd2 {[%clk 0:03:13]} Qxd2
{[%clk 0:18:35]} 26. Rxd2 {[%clk 0:03:41]} a5 {[%clk 0:18:40]} 27. Kf2
{[%clk 0:01:39]} a4 {[%clk 0:18:15]} 28. bxa4 {[%clk 0:01:53]} Rb4
{[%clk 0:17:46]} 29. Ne3 {[%clk 0:02:14]} Ra8 {[%clk 0:17:38]} 30. Kg3
{[%clk 0:00:56]} Raxa4 {[%clk 0:15:52]} 31. e5 {[%clk 0:01:01]} Ra3
{[%clk 0:13:27]} 32. Nc2 {[%clk 0:00:42]} Nf5+ {[%clk 0:13:24]} 33. Kh3
{[%clk 0:00:49]} Rxc4 {[%clk 0:11:45]} 34. g4 {[%clk 0:00:49]} Rxc2
{[%clk 0:11:38]} 35. Rxc2 {[%clk 0:00:51]} Ne3 {[%clk 0:12:02]} 36. Rfc1
{[%clk 0:00:38]} Nxc2 {[%clk 0:12:19]} 37. Rxc2 {[%clk 0:01:07]} Rxf3+
{[%clk 0:12:35]} 38. Kg2 {[%clk 0:01:28]} Re3 {[%clk 0:11:41]} 39. a4
{[%clk 0:01:07]} Re4 {[%clk 0:09:58]} 40. Ra2 {[%clk 0:31:18]} Rxg4+
{[%clk 0:40:12]} 41. Kf3 {[%clk 0:31:33]} Rb4 {[%clk 0:40:18]} 42. a5
{[%clk 0:31:44]} Rb7 {[%clk 0:40:38]} 43. a6 {[%clk 0:30:13]} Ra7
{[%clk 0:41:03]} 44. Ke3 {[%clk 0:27:18]} Kf7 {[%clk 0:40:37]} 45. Kd3
{[%clk 0:25:44]} d5 {[%clk 0:38:58]} 46. Ra5 {[%clk 0:25:17]} c6 {[%clk 0:39:03]}
47. Ra2 {[%clk 0:25:11]} Ke7 {[%clk 0:38:52]} 48. h4 {[%clk 0:25:12]} Kd8
{[%clk 0:36:29]} 49. h5 {[%clk 0:24:10]} Kc7 {[%clk 0:36:36]} 50. h6
{[%clk 0:23:09]} gxh6 {[%clk 0:36:45]} 51. Rh2 {[%clk 0:23:09]} Kb6
{[%clk 0:36:38]} 52. Rxh6 {[%clk 0:23:30]} Re7 {[%clk 0:36:59]} 0-1

[Event "male"]
[Site "?"]
[Date "2016.02.12"]
[Round "1.7"]
[White "Artamonov, Valery"]
[Black "Makarov, Pavel V."]
[Result "1-0"]
[LiveChessVersion "1.4.2"]
[BlackElo "2121"]
[WhiteElo "2292"]

1. c4 {[%clk 1:30:59]} c5 {[%clk 1:30:16]} 2. Nc3 {[%clk 1:31:23]} Nc6
{[%clk 1:30:42]} 3. Nf3 {[%clk 1:31:45]} Nf6 {[%clk 1:31:02]} 4. g3
{[%clk 1:31:51]} g6 {[%clk 1:31:27]} 5. Bg2 {[%clk 1:32:16]} Bg7 {[%clk 1:31:55]}
6. O-O {[%clk 1:32:28]} O-O {[%clk 1:32:18]} 7. d3 {[%clk 1:32:52]} d6
{[%clk 1:32:18]} 8. a3 {[%clk 1:32:44]} Nh5 {[%clk 1:27:26]} 9. Bd2
{[%clk 1:33:00]} a5 {[%clk 1:24:54]} 10. Ne1 {[%clk 1:32:43]} f5 {[%clk 1:21:56]}
11. Rb1 {[%clk 1:32:36]} e6 {[%clk 1:13:58]} 12. b3 {[%clk 1:27:48]} Rb8
{[%clk 1:08:15]} 13. Nc2 {[%clk 1:27:59]} Bd7 {[%clk 0:59:43]} 14. b4
{[%clk 1:28:16]} axb4 {[%clk 1:00:08]} 15. axb4 {[%clk 1:28:44]} Nxb4
{[%clk 0:59:48]} 16. Nxb4 {[%clk 1:28:54]} cxb4 {[%clk 1:00:17]} 17. Nb5
{[%clk 1:28:12]} Bxb5 {[%clk 0:58:37]} 18. cxb5 {[%clk 1:28:36]} f4
{[%clk 0:53:33]} 19. Rxb4 {[%clk 1:28:50]} e5 {[%clk 0:41:33]} 20. Qa4
{[%clk 1:28:49]} Qb6 {[%clk 0:33:26]} 21. Bf3 {[%clk 1:29:09]} fxg3
{[%clk 0:29:22]} 22. hxg3 {[%clk 1:29:34]} Rxf3 {[%clk 0:26:45]} 23. exf3
{[%clk 1:29:57]} Rf8 {[%clk 0:22:41]} 24. Be3 {[%clk 1:28:14]} Qc7
{[%clk 0:19:52]} 25. Qb3+ {[%clk 1:28:11]} Kh8 {[%clk 0:20:05]} 26. Qe6
{[%clk 1:26:50]} Nf6 {[%clk 0:10:59]} 27. Rc1 {[%clk 1:26:14]} Qb8
{[%clk 0:09:26]} 28. Rbc4 {[%clk 1:26:25]} 1-0